| 000 | 00445nam a2200133Ia 4500 | ||
|---|---|---|---|
| 008 | 191213s9999 xx 000 0 und d | ||
| 020 | _a9788491983835 | ||
| 100 | 1 | _aMORAL ROLDÁN, Joana; GONZÁLEZ ROMERO, Jaime | |
| 245 | 1 | _aRECOLECCIÓN, ALMACENAMIENTO Y TRANSPORTE DE FLORES Y HORTALIZAS - AGAH0108 | |
| 260 | 0 | 0 | _a2018 |
| 650 | 0 | 0 | _bAgronomía |
| 250 | _a1 | ||
| 856 | 0 | 0 | _ahttps://uachapingo.bibliotecasdigitales.com/read/9788491983835/index |
| 999 |
_c218060 _d218060 |
||